00298nam a2200133Ia 4500100001200000650001900012366000700031654002100038245003200059260002600091082001400117300000900131546002400140 aKOGENT  aWeb technology f25 aweb technolgoies aweb technologies black book bDreamtech Pressc2010 a4.65bWEB a1354 aENGLISHcPAMPHALETS